Top 20 Countries in Eating the Least Meat - Statistics

General Stats
  • This quiz has been taken 329 times
    273 since last reset
  • The average score is 9 of 20
Answer Stats
Kg/Pers. Country % Correct
4.4 India
92%
9.9 Nepal
71%
4 Bangladesh
68%
3 Bhutan
63%
6.3 Sri Lanka
61%
8.5 Ethiopia
51%
8.8 Nigeria
48%
6.5 Rwanda
46%
5.2 Burundi
44%
11 Uganda
43%
7.7 Eritrea
42%
11.6 Indonesia
42%
8.3 Malawi
40%
7.8 Mozambique
38%
9.6 Tanzania
38%
11.7 Togo
33%
8.6 Guinea
31%
8.1 The Gambia
31%
10.4 Liberia
29%
7.3 Sierra Leone
29%
No matching quizzes found
Score Distribution
Percent of People with Each Score
Percentile by Number Answered
Your Score History
You have not taken this quiz since the last reset